[Event "Dimitrovgrad Chmp. 2025 B"]
[Site "Dimitrovgrad"]
[Date "2025.04.06"]
[Round "9.2"]
[White "Makarov, Evgeniy"]
[Black "Markelova, Mariya"]
[Result "0-1"]
[WhiteElo "1000"]
[BlackElo "1237"]
[PlyCount "80"]

1. e4 d5 2. exd5 Qxd5 3. Nc3 Qd8 4. Nf3 Nc6 5. Be2 e5 6. d3 Bd6 7. O-O Nge7 8.
d4 Bg4 9. h3 Bxf3 10. Bxf3 exd4 11. Bxc6+ Nxc6 12. Nb5 Be7 13. Bf4 Rc8 14. c3
d3 15. Be3 a6 16. Nd4 Nxd4 17. Bxd4 O-O 18. Qxd3 c5 19. Rad1 cxd4 20. Qxd4 Qa5
21. Qd5 Qb6 22. Qb3 Qxb3 23. axb3 Bf6 24. Rd7 b5 25. Ra7 Ra8 26. Rxa8 Rxa8 27.
b4 a5 28. bxa5 Rxa5 29. Re1 Kf8 30. g3 Ra2 31. b4 Bxc3 32. Rb1 Ra4 33. Rc1 Bxb4
34. Rc8+ Ke7 35. Rc7+ Ke6 36. Rc6+ Bd6 37. Rc1 b4 38. Rc4 Kd5 39. Rh4 Ra1+ 40.
Kg2 b3 0-1